000 00758nam a22002177a 4500
942 _cBK
999 _c587
_d587
005 20250420134817.0
008 200810b ||||| |||| 00| 0 eng d
020 _a9781292100555
040 _cKCST
082 _a005.13
_bSe Co
100 _aSebesta, Robert W.
_94998
245 _aConcepts of programming languages /
_cRobert W Sebesta; Soumen Mukherjee; Arup Kumar Bhattacharjee
250 _a11th edition
_bGlobal edition
260 _aHarlow, Essex, England :
_bPearson Education Limited
_c2016.
300 _a785 pages :
_billustrations (black and white) ;
_c24 cm
650 _aProgramming languages (Electronic computers)
_91554
700 _aMukherjee, Soumen
_94999
700 _aBhattacharjee, Arup Kumar
_95000
942 _2ddc